000 00493nam a2200169 a 4500
005 20140412111253.0
008 000823s19uu xx 00 eng d
020 _a0-590-96581-6
050 _aTR(PS E
_bFi44 1995
245 _aFive little ducks :
_ban old rhyme /
_cillustrated by Pamela Paparone.
260 _aNew York :
_bScholastic Inc,
_c1995.
300 _a1 v. (unp.) ; ill.
650 _aDucks--Fictions
650 _aCounting (1-5)
650 _aChildren stories
999 _c103201
_d103201